産業別賃金決定の諸条件
Gespeichert in:
| Körperschaft: | |
|---|---|
| Format: | Buch |
| Sprache: | Undetermined |
| Veröffentlicht: |
東京
日本生産性本部賃金決定機構委員会
1972
|
| Schlagworte: | |
| Tags: |
Tag hinzufügen
Keine Tags, Fügen Sie den ersten Tag hinzu!
|
| Thư viện lưu trữ: | Trung tâm Học liệu Trường Đại học Cần Thơ |
|---|
| LEADER | 00559nam a2200181Ia 4500 | ||
|---|---|---|---|
| 001 | CTU_78662 | ||
| 008 | 210402s9999 xx 000 0 und d | ||
| 082 | |a 331.2 | ||
| 082 | |b N691 | ||
| 110 | |a 日本生産性本部賃金決定機構委員会 | ||
| 245 | 0 | |a 産業別賃金決定の諸条件 | |
| 245 | 0 | |c 日本生産性本部賃金決定機構委員会 | |
| 260 | |a 東京 | ||
| 260 | |b 日本生産性本部賃金決定機構委員会 | ||
| 260 | |c 1972 | ||
| 650 | |a Wages | ||
| 904 | |i Ngoc | ||
| 980 | |a Trung tâm Học liệu Trường Đại học Cần Thơ | ||